000 00431nmm a2200145Ia 4500
008 251105s9999||||xx |||||||||||||||||und||
041 _aspa
100 _aDiaz Barrios, Elena
245 0 _aDestino fragmentado
264 _a[Bogotá, Colombia] :
_bPolitécnico Grancolombiano,
_c2020
300 _a19 páginas
650 _aTeen & Young Adult Fiction
856 _uhttps://public.digitaliapublishing.com/a/130860
942 _cCF
999 _c106826
_d106826